000 00317nam a2200145Ia 4500
008 170203s9999 xx 000 0 und d
020 _a0-7867840560
050 _aFic
050 _b.D612 1995
245 _aToy Story /
260 _aNew York
260 _bDisney Press
260 _c1995
300 _a104 pages;
999 _c306160
_d306160